ՀՀ Գիտությունների ազգային ակադեմիայի հիմնարար գիտական գրադարան  =   Fundamental Scientific Library of NAS RA

Мужик : (Record no. 519071)

MARC details
000 -LEADER
fixed length control field 00665nam a2200217 u 4500
001 - CONTROL NUMBER
control field 001193369
003 - CONTROL NUMBER IDENTIFIER
control field AM-YEHGA
005 - DATE AND TIME OF LATEST TRANSACTION
control field 20250618080019.0
008 - FIXED-LENGTH DATA ELEMENTS--GENERAL INFORMATION
fixed length control field 161129s1962 ||||||||||||||||||||rus|c
040 ## - CATALOGING SOURCE
Original cataloging agency AM-YeHGA
041 1# - LANGUAGE CODE
Language code of text/sound track or separate title rus
090 ## - LOCALLY ASSIGNED LC-TYPE CALL NUMBER (OCLC); LOCAL CALL NUMBER (RLIN)
-- 522633
100 1# - MAIN ENTRY--PERSONAL NAME
Personal name Ржига, Б.
245 10 - TITLE STATEMENT
Title Мужик :
Remainder of title Роман /
Statement of responsibility, etc. Б. Ржига; Пер. Н. Николаевой.
260 ## - PUBLICATION, DISTRIBUTION, ETC.
Place of publication, distribution, etc. Москвa :
Name of publisher, distributor, etc. Иностранной литературы,
Date of publication, distribution, etc. 1962.
300 ## - PHYSICAL DESCRIPTION
Extent часть
505 10 - FORMATTED CONTENTS NOTE
Miscellaneous information Ч. 1 (1962, 445 с.)
-- Ч. 2 (1962, 336 с.)
650 14 - SUBJECT ADDED ENTRY--TOPICAL TERM
Topical term or geographic name entry element Литература
9 (RLIN) 4918
700 1# - ADDED ENTRY--PERSONAL NAME
Personal name Николаев, Н
Relator term пер.
Relationship trl
942 ## - ADDED ENTRY ELEMENTS (KOHA)
Source of classification or shelving scheme Universal Decimal Classification
Koha item type Գրքեր / Books
Holdings
Withdrawn status Lost status Source of classification or shelving scheme Damaged status Not for loan Collection Home library Current library Date acquired Serial enumeration / chronology Total checkouts Full call number Barcode Date last seen Price effective from Koha item type Public note
    Universal Decimal Classification     General Fundamental Scientific Library Fundamental Scientific Library 02/11/2021 Ч. 1   PII/65767 FL0654739 02/11/2021 02/11/2021 Գրքեր / Books 30 Days Loan
    Universal Decimal Classification     General Fundamental Scientific Library Fundamental Scientific Library 05/11/2021 Ч. 2   PII/65992 FL0664426 05/11/2021 05/11/2021 Գրքեր / Books 30 Days Loan


ՀՀ ԳԱԱ հիմնարար գիտական գրադարան
ՀՀ,Երևան 0019
Մարշալ Բաղրամյան 24/6
հեռախոս:(374-10) 52-47-50
Հետադարձ կապ

All site content, except where otherwise noted, is licensed under a
Creative Commons License